Loading...
| Fine Arts - Classical Music | 7 | 11.43 | 71% | 43% | 0% |
| Fine Arts - Other Fine Arts | 6 | 11.67 | 100% | 17% | 0% |
| Fine Arts - Visual Fine Arts | 2 | 15.00 | 50% | 100% | 0% |
| Geography/Current Events | 2 | 15.00 | 100% | 50% | 0% |
| History - American History | 7 | 10.00 | 86% | 14% | 0% |
| History - European History | 3 | 13.33 | 100% | 33% | 0% |
| History - Other History | 9 | 13.33 | 100% | 22% | 11% |
| History - World History | 5 | 10.00 | 80% | 20% | 0% |
| Literature - American Literature | 8 | 12.50 | 100% | 25% | 0% |
| Literature - British Literature | 5 | 12.00 | 80% | 40% | 0% |
| Literature - European Literature | 3 | 13.33 | 100% | 33% | 0% |
| Literature - World/Other Literature | 5 | 16.00 | 100% | 40% | 20% |
| Mythology | 6 | 18.33 | 83% | 67% | 33% |
| Other Academic | 2 | 15.00 | 100% | 50% | 0% |
| Philosophy | 7 | 7.14 | 71% | 0% | 0% |
| Pop Culture | 2 | 15.00 | 100% | 50% | 0% |
| Religion | 4 | 10.00 | 75% | 0% | 25% |
| Science - Biology | 3 | 6.67 | 67% | 0% | 0% |
| Science - Chemistry | 2 | 10.00 | 100% | 0% | 0% |
| Science - Other Science | 4 | 10.00 | 75% | 25% | 0% |
| Science - Physics | 5 | 14.00 | 100% | 40% | 0% |
| Social Science | 7 | 8.57 | 71% | 14% | 0% |
| World/Other Literature> | 1 | 20.00 | 100% | 100% | 0% |